000 00411nam a2200181Ia 4500
001 19280
003 GE_BSU
008 181216s||||||||xx |||||||||||||| ||und||
040 _cGE_BSU
245 4 _aThe Economist.№9002. 2016
245 _b13TH-19TH
260 _aLondon
260 _c2016
300 _a71p, ill, col,27cm.
653 _aThe Economist
653 _aპერიოდიკა
942 _cCR
999 _c52271
_d52271